000 00587nam a22002297a 4500
003 UA-OsUOA
001 87498
007 ta
008 20120919b un ||||| |||| 00| 0 ukr d
100 _aИоффе Г.
090 _a94
_bИ 75
942 _cBK
040 _aUA-OsUOA
_brus
_cUA-OsUOA
_dUA-OsUOA
245 _aКолчаковская авантюра и ее крах
300 _a90280 с.
955 _a4
041 _arus
080 _a94
260 _aМ.
_bМысль
_c1983
650 7 _a9 Географія. Біографії. Історія
_2UDC
999 _c373828
_d373828